| 000 | 01943nam a2200241 a 4500 | ||
|---|---|---|---|
| 005 | 20250405174607.0 | ||
| 008 | 161103s2024 000 0 eng d | ||
| 040 |
_aCO-CtgCURN _bspa _ccoctgcurn |
||
| 082 | 0 |
_aEST 2024 _bA474 |
|
| 100 | 1 | _aAlvear Barros, Danna Carolina. | |
| 245 | 1 | 0 |
_aMás allá del bloqueador : _bOtras formas de protección solar / _cDanna Carolina Alvear Barros. |
| 260 |
_aCartagena de Indias, D.T. : _bCorporación Universitaria "Rafael Nuñez", _c2024. |
||
| 300 |
_a1 hojas : _bInfografía. |
||
| 336 | _2rdacontent | ||
| 337 |
_2rdamedia _asin mediacion _bn |
||
| 338 |
_2rdacarrier _avolumen _bnc |
||
| 502 | _aTrabajo de grado (Tecnología en Estética y cosmetología). Corporación Universitaria "Rafael Nuñez" Facultad de Ciencias de la Salud. Programa de Tecnología en Estética y cosmetología, 2024. | ||
| 520 | _aLa sobre exposición a la luz ultravioleta proveniente del sol daña la piel y puede causar quemaduras, envejecimiento prematuro de la piel y cáncer. Los ingredientes de los protectores solares Reducen el daño a la piel y aunque son aceptados por organismos de protección a la salud, tienen riesgos que no han sido estudiados A fondo. Es necesario difundir la información disponible sobre la Seguridad y riesgos de estos ingredientes, las concentraciones Y frecuencia de uso recomendadas. Los efectos adversos del Protector solar pueden ser mitigados, en cierta medida, por la adición de antioxidantes e inhibidores de radicales libres, mediante el encapsulamiento de los ingredientes activos y uso de protección solar no tópica. | ||
| 650 | 0 |
_aEstética y cosmetología _xTesis y Disertaciones academicas. |
|
| 856 | 7 |
_uhttps://unicurn.sharepoint.com/:i:/s/biblioteca/EVQ0wjiIS8VMgUcFNI0oa9gBNY4tm0A2BoA2ybtw7fAkeQ?e=D3E918 _zClic aqui para ver el texto completo |
|
| 942 |
_hEST 2024 _iA474 _2ddc _cTG |
||
| 999 |
_c29509 _d29509 |
||